Cómo mentir con estadísticas / (Record no. 81353)

MARC details
000 -LEADER
campo de control de longitud fija 00716nam a2200205 i 4500
001 - NÚMERO DE CONTROL
campo de control 81353
003 - IDENTIFICADOR DE NÚMERO DE CONTROL
campo de control ES-MaACL
005 - FECHA Y HORA DE LA ÚLTIMA TRANSACCIÓN
campo de control 20230906174424.0
007 - CAMPO FIJO DE DESCRIPCIÓN FÍSICA--INFORMACIÓN GENERAL
campo de control de longitud fija t|
008 - DATOS DE LONGITUD FIJA--INFORMACIÓN GENERAL
campo de control de longitud fija 041104s1965 sp a |||| | spa d
100 1# - ENTRADA PRINCIPAL--NOMBRE DE PERSONA
Nombre de persona Huff, Darrell.
9 (RLIN) 64597
245 10 - MENCIÓN DEL TÍTULO
Título Cómo mentir con estadísticas /
Mención de responsabilidad, etc. Darrell Huff ; dibujos de Irving Geis ; prólogo Jorge Garriga Puig ; traducción Octavio Freixas Ortega.
260 ## - PUBLICACIÓN, DISTRIBUCIÓN, ETC.
Lugar de publicación, distribución, etc. [Barcelona] :
Nombre del editor, distribuidor, etc. Sagitario,
Fecha de publicación, distribución, etc. [1965]
300 ## - DESCRIPCIÓN FÍSICA
Extensión 158 p. :
Otras características físicas il. ;
Dimensiones 19 cm.
650 #4 - PUNTO DE ACCESO ADICIONAL DE MATERIA--TÉRMINO DE MATERIA
Término de materia o nombre geográfico como elemento de entrada Estadística-
Subdivisión de forma Obras satíricas y humorísticas.
9 (RLIN) 165615
700 1# - ENTRADA AGREGADA--NOMBRE PERSONAL
Nombre de persona Geis, Irving.
9 (RLIN) 56226
700 1# - ENTRADA AGREGADA--NOMBRE PERSONAL
Nombre de persona Garriga Puig, Jorge.
9 (RLIN) 55745
700 1# - ENTRADA AGREGADA--NOMBRE PERSONAL
Nombre de persona Freixas Ortega, Octavio.
9 (RLIN) 52488
852 ## - LOCALIZACIÓN
Ubicación ES-MaACL
Número de control de estantería C-28296
Holdings
Estatus retirado Estado de pérdida Estado de daño No para préstamo Biblioteca de origen Biblioteca actual Ubicación en estantería Fecha de adquisición Fuente de adquisición Total de préstamos Signatura topográfica completa Código de barras Visto por última vez Precio de reemplazo Tipo de ítem Koha
        Biblioteca del Ateneo de Madrid Biblioteca del Ateneo de Madrid Depósito 2 17/01/2008     C-28296 1085044 23/02/2023 23/02/2023 Libro impreso